[Event "HUN-chT 1112"]
[Site "Hungary"]
[Date "2011.11.27"]
[Round "4"]
[White "Reiss, Tibor"]
[Black "Antal, Gergely"]
[Result "1/2-1/2"]
[WhiteElo "2389"]
[BlackElo "2531"]
[PlyCount "148"]
[EventDate "2011.09.25"]
[EventType "team-tourn"]
[EventRounds "11"]
[EventCountry "HUN"]
[SourceTitle "EXT 2013"]
[Source "ChessBase"]
[SourceDate "2012.11.22"]
[SourceVersion "1"]
[SourceVersionDate "2012.11.22"]
[SourceQuality "1"]
[WhiteTeam "Mako"]
[BlackTeam "Penzugyor"]
[WhiteTeamCountry "HUN"]
[BlackTeamCountry "HUN"]

1. d4 Nf6 2. c4 g6 3. Nc3 d5 4. Bf4 Bg7 5. e3 c5 6. dxc5 Qa5 7. Qa4+ Qxa4 8. Nxa4 Bd7 9. Nc3 Ne4 10. Nxd5 Na6 11. f3 Nexc5 12. 0-0-0 e6 13. Nc7+ Nxc7 14. Bxc7 Rc8 15. Ba5 Ba4 16. Re1 0-0 17. Kb1 b6 18. Bb4 Rfd8 19. b3 Bc6 20. Bxc5 bxc5 21. Kc2 Rd6 22. Bd3 f5 23. Nh3 a5 24. a4 Bh6 25. Nf2 Rb8 26. Re2 Be8 27. Rb1 Rdb6 28. Ree1 Bg7 29. Be2 Bc6 30. Nd3 Bf8 31. Red1 Bd6 32. g3 Kf7 33. Nf2 Ke7 34. Nd3 Kf6 35. Nf2 Bf8 36. Re1 Bh6 37. f4 e5 38. fxe5+ Ke7 39. Bd3 Ke6 40. e4 Bg7 41. exf5+ gxf5 42. Nh3 Bxe5 43. Nf4+ Kf6 44. Nh5+ Ke6 45. Ng7+ Kf6 46. Nxf5 h5 47. Ne7 Bd4 48. Nd5+ Bxd5 49. cxd5 Kg5 50. Re4 Rf8 51. Rbe1 Rf2+ 52. R1e2 Rxe2+ 53. Bxe2 Rd6 54. Rh4 Rh6 55. Kd3 Rh8 56. Bd1 Bg1 57. Kc4 Rb8 58. Rxh5+ Kf6 59. Kc3 Rb4 60. Bc2 Rd4 61. Rf5+ Ke7 62. h4 Kd6 63. Bd3 Rxd5 64. Rf6+ Ke7 65. Rg6 Bf2 66. Bc2 Re5 67. Kc4 Re3 68. g4 Bxh4 69. Ra6 Be1 70. Bf5 Re5 71. Kb5 Bd2 72. Kc6 Kf8 73. Ra8+ Kg7 74. Rb8 Bb4 1/2-1/2

[Event "HUN-chT 1011"]
[Site "Hungary"]
[Date "2011.04.17"]
[Round "9"]
[White "Reiss, Tibor"]
[Black "Amstadt, Aron"]
[Result "1/2-1/2"]
[WhiteElo "2403"]
[BlackElo "2262"]
[PlyCount "72"]
[EventDate "2010.10.10"]
[EventType "team-tourn"]
[EventRounds "11"]
[EventCountry "HUN"]
[SourceTitle "EXT 2012"]
[Source "ChessBase"]
[SourceDate "2011.11.24"]
[SourceVersion "1"]
[SourceVersionDate "2011.11.24"]
[SourceQuality "1"]
[WhiteTeam "Mako"]
[BlackTeam "Decs"]
[WhiteTeamCountry "HUN"]
[BlackTeamCountry "HUN"]

1. d4 Nf6 2. c4 e6 3. Nf3 Bb4+ 4. Bd2 Qe7 5. Qc2 Nc6 6. e3 Bxd2+ 7. Nbxd2 d6 8. Bd3 a5 9. Ne4 Nb4 10. Nxf6+ Qxf6 11. Qc3 Nxd3+ 12. Qxd3 0-0 13. 0-0 Bd7 14. Rac1 a4 15. Qc3 Bc6 16. Nd2 b6 17. e4 Qh6 18. Rfe1 Ra5 19. Qe3 Qg6 20. Nf3 Rh5 21. d5 Bd7 22. Nd4 e5 23. Nb5 f5 24. exf5 Rhxf5 25. Nxc7 Rxf2 26. Qxf2 Rxf2 27. Kxf2 Bh3 28. gxh3 Qf7+ 29. Kg2 Qxc7 30. b4 axb3 31. axb3 Qc5 32. Rc3 b5 33. Re4 bxc4 34. bxc4 Qb4 35. Rce3 Qb2+ 36. Re2 Qb3 1/2-1/2

[Event "HUN-chT 1011"]
[Site "Hungary"]
[Date "2011.04.10"]
[Round "8"]
[White "Reiss, Tibor"]
[Black "Szuk, Balazs"]
[Result "1/2-1/2"]
[WhiteElo "2403"]
[BlackElo "2403"]
[PlyCount "74"]
[EventDate "2010.10.10"]
[EventType "team-tourn"]
[EventRounds "11"]
[EventCountry "HUN"]
[SourceTitle "EXT 2012"]
[Source "ChessBase"]
[SourceDate "2011.11.24"]
[SourceVersion "1"]
[SourceVersionDate "2011.11.24"]
[SourceQuality "1"]
[WhiteTeam "Mako"]
[BlackTeam "Penzugyor"]
[WhiteTeamCountry "HUN"]
[BlackTeamCountry "HUN"]

1. d4 Nf6 2. Bg5 Ne4 3. Bf4 c5 4. f3 Qa5+ 5. c3 Nf6 6. Nd2 cxd4 7. Nb3 Qb6 8. Qxd4 Nc6 9. Qxb6 axb6 10. Nd4 e5 11. Nxc6 exf4 12. Nd4 Nd5 13. e4 fxe3 14. Bc4 Nf4 15. g3 Ne6 16. Nb5 d5 17. Bxd5 Bd7 18. Bxe6 Bxb5 19. Bd5 0-0-0 20. Rd1 Bc5 21. Ne2 Rd7 22. c4 Rhd8 23. Nc3 Bb4 24. Ke2 Bxc3 25. cxb5 Bxb2 26. Bb3 Bd4 27. Rd3 Kc7 28. Rhd1 f6 29. Bc4 Rd6 30. Ra3 h6 31. f4 g5 32. f5 Bc5 33. Rad3 Rxd3 34. Rxd3 Rxd3 35. Kxd3 Kd6 36. Ke4 h5 37. h3 Ke7 1/2-1/2

[Event "HUN-chT 0910"]
[Site "Hungary"]
[Date "2010.03.21"]
[Round "8"]
[White "Balog, Imre1"]
[Black "Reiss, Tibor"]
[Result "1-0"]
[WhiteElo "2464"]
[BlackElo "2414"]
[PlyCount "91"]
[EventDate "2009.11.08"]
[EventType "team-tourn"]
[EventRounds "11"]
[EventCountry "HUN"]
[SourceTitle "EXT 2011"]
[Source "ChessBase"]
[SourceDate "2010.11.26"]
[SourceVersion "1"]
[SourceVersionDate "2010.11.26"]
[SourceQuality "1"]
[WhiteTeam "Penzugyor"]
[BlackTeam "Mako"]
[WhiteTeamCountry "HUN"]
[BlackTeamCountry "HUN"]

1. c4 c6 2. e4 e5 3. Nf3 d6 4. d4 Bg4 5. Be2 Nd7 6. Nc3 Be7 7. d5 Bxf3 8. Bxf3 Ngf6 9. Be3 Nb6 10. Be2 a5 11. 0-0 0-0 12. Qd2 Qc7 13. Rac1 Nbd7 14. Rfd1 Rfd8 15. b3 h6 16. g3 Bf8 17. Qc2 g6 18. a3 Kh7 19. h3 Be7 20. Kg2 Ng8 21. h4 h5 22. b4 axb4 23. axb4 Ngf6 24. Qb3 c5 25. Nb5 Qc8 26. Bf3 cxb4 27. c5 dxc5 28. d6 Bf8 29. Qxf7+ Bg7 30. Nc7 Rf8 31. Qe7 Ng8 32. Qe6 Ra3 33. Be2 Rf6 34. Qh3 b6 35. Bb5 Qb7 36. Rd5 Rxd6 37. Rxd6 Qxe4+ 38. Kh2 Ndf6 39. Ne6 Ng4+ 40. Kg1 Bh6 41. Bxh6 Kxh6 42. Qg2 Qf5 43. Ng5 N8f6 44. f3 Ne3 45. Qd2 e4 46. Bd7 1-0

[Event "Bundesliga 0910"]
[Site "Germany"]
[Date "2009.11.15"]
[Round "4.4"]
[White "Reiss, Tibor"]
[Black "Gurevich, Vladimir"]
[Result "0-1"]
[WhiteElo "2414"]
[BlackElo "2470"]
[PlyCount "82"]
[EventDate "2009.10.16"]
[EventType "team-tourn"]
[EventRounds "15"]
[EventCountry "GER"]
[SourceTitle "EXT 2010"]
[Source "ChessBase"]
[SourceDate "2010.11.25"]
[SourceVersion "1"]
[SourceVersionDate "2010.11.25"]
[SourceQuality "1"]
[WhiteTeam "Bayern Muenchen"]
[BlackTeam "Handschuhsheim"]
[WhiteTeamCountry "GER"]
[BlackTeamCountry "GER"]

1. d4 Nf6 2. Bg5 e6 3. e4 h6 4. Bxf6 Qxf6 5. Nc3 d6 6. Qd2 c6 7. f4 e5 8. dxe5 dxe5 9. f5 Bb4 10. Nf3 Nd7 11. a3 Ba5 12. 0-0-0 Qe7 13. Bc4 Nf6 14. Qd3 Bd7 15. Ne2 Rd8 16. Ng3 b5 17. Ba2 Bc8 18. Qe2 0-0 19. Nh4 Kh7 20. Nh5 Nxe4 21. Qxe4 Qg5+ 22. Kb1 Qxh5 23. f6+ Kg8 24. Rdf1 gxf6 25. b4 Bb6 26. Rxf6 Rd4 27. Qg6+ Qxg6 28. Nxg6 Kg7 29. Rhf1 Rfd8 30. Bxf7 Rd1+ 31. Ka2 Rxf1 32. Rxf1 Rd2 33. Kb3 e4 34. Ne7 Bd7 35. Bg8 Rf2 36. Rd1 Bg4 37. Rd6 Rf6 38. Rxf6 Kxf6 39. Nxc6 e3 40. Kc3 e2 41. Kd2 Bf2 0-1

[Event "Bundesliga 0910"]
[Site "Germany"]
[Date "2009.11.14"]
[Round "3.4"]
[White "Vallejo Pons, Francisco"]
[Black "Reiss, Tibor"]
[Result "1-0"]
[WhiteElo "2696"]
[BlackElo "2414"]
[PlyCount "77"]
[EventDate "2009.10.16"]
[EventType "team-tourn"]
[EventRounds "15"]
[EventCountry "GER"]
[SourceTitle "EXT 2010"]
[Source "ChessBase"]
[SourceDate "2010.11.25"]
[SourceVersion "1"]
[SourceVersionDate "2010.11.25"]
[SourceQuality "1"]
[WhiteTeam "Baden-Baden"]
[BlackTeam "Bayern Muenchen"]
[WhiteTeamCountry "GER"]
[BlackTeamCountry "GER"]

1. c4 c5 2. g3 g6 3. Bg2 Bg7 4. Nc3 Nc6 5. a3 d6 6. Rb1 a5 7. d3 Bd7 8. e3 Nh6 9. Nge2 Nf5 10. b3 Rb8 11. 0-0 0-0 12. Nb5 Ne5 13. a4 Bc6 14. e4 Bxb5 15. axb5 Nd4 16. Nxd4 cxd4 17. Bh3 e6 18. Ba3 Qe7 19. Ra1 Ra8 20. Bg2 Rfb8 21. f4 Nd7 22. e5 Nc5 23. exd6 Qxd6 24. Qe1 Bf8 25. Bxc5 Qxc5 26. Rxa5 Rxa5 27. Qxa5 Bd6 28. Ra1 b6 29. Qd2 Qc7 30. Bf3 Qe7 31. Kg2 h5 32. Qf2 Bc5 33. Qe1 Rd8 34. Ra6 Kh7 35. Qe4 Qc7 36. Qc6 Qxc6 37. bxc6 Kg7 38. Ra7 Kf8 39. c7 1-0

[Event "HUN-chT 0809"]
[Site "Hungary"]
[Date "2009.04.18"]
[Round "11"]
[White "Balog, Imre1"]
[Black "Reiss, Tibor"]
[Result "1/2-1/2"]
[WhiteElo "2423"]
[BlackElo "2403"]
[PlyCount "81"]
[EventDate "2008.10.26"]
[EventType "team-tourn"]
[EventRounds "11"]
[EventCountry "HUN"]
[SourceTitle "EXT 2010"]
[Source "ChessBase"]
[SourceDate "2010.11.25"]
[SourceVersion "1"]
[SourceVersionDate "2010.11.25"]
[SourceQuality "1"]
[WhiteTeam "Penzugyor"]
[BlackTeam "Mako"]
[WhiteTeamCountry "HUN"]
[BlackTeamCountry "HUN"]

1. d4 d5 2. Nf3 Nf6 3. c4 c6 4. Qb3 dxc4 5. Qxc4 Bf5 6. g3 Nbd7 7. Bg2 e6 8. 0-0 Be7 9. Rd1 0-0 10. e3 Ne4 11. Qe2 Qb6 12. Nc3 Rfd8 13. Nd2 Nxc3 14. bxc3 Bc2 15. Re1 Bg6 16. e4 e5 17. Nc4 Qc7 18. Bh3 b5 19. Nxe5 Nxe5 20. dxe5 Qxe5 21. Bf4 Qxc3 22. Rac1 Qd3 23. Rxc6 Bb4 24. Bf1 Qd4 25. Rec1 Bxe4 26. Be3 Qd5 27. Ra6 Qf5 28. Rxa7 Rxa7 29. Bxa7 h6 30. Bh3 Qd5 31. Bb6 Ra8 32. Bf1 Bf8 33. Qe3 Ra3 34. Qd4 Rxa2 35. Qxd5 Bxd5 36. Bxb5 Rb2 37. Bc6 Bxc6 38. Rxc6 Be7 39. Bd4 Rd2 40. Be3 Rd6 41. Rxd6 1/2-1/2

[Event "HUN-chT 0809"]
[Site "Hungary"]
[Date "2009.02.22"]
[Round "8"]
[White "Reiss, Tibor"]
[Black "Kiss, Pal"]
[Result "1/2-1/2"]
[WhiteElo "2403"]
[BlackElo "2389"]
[PlyCount "23"]
[EventDate "2008.10.26"]
[EventType "team-tourn"]
[EventRounds "11"]
[EventCountry "HUN"]
[SourceTitle "EXT 2010"]
[Source "ChessBase"]
[SourceDate "2010.11.25"]
[SourceVersion "1"]
[SourceVersionDate "2010.11.25"]
[SourceQuality "1"]
[WhiteTeam "Mako"]
[BlackTeam "Kazincbarcika"]
[WhiteTeamCountry "HUN"]
[BlackTeamCountry "HUN"]

1. d4 d5 2. Bf4 Nf6 3. e3 c5 4. c3 Nc6 5. Nd2 cxd4 6. exd4 Bf5 7. Ngf3 e6 8. Qb3 Qc8 9. h3 h6 10. Be2 Be7 11. a4 Ne4 12. Qd1 1/2-1/2

[Event "HUN-chT 0809"]
[Site "Hungary"]
[Date "2009.02.08"]
[Round "7"]
[White "Reiss, Tibor"]
[Black "Kosic, Dragan"]
[Result "1/2-1/2"]
[WhiteElo "2403"]
[BlackElo "2511"]
[PlyCount "119"]
[EventDate "2008.10.26"]
[EventType "team-tourn"]
[EventRounds "11"]
[EventCountry "HUN"]
[SourceTitle "EXT 2010"]
[Source "ChessBase"]
[SourceDate "2010.11.25"]
[SourceVersion "1"]
[SourceVersionDate "2010.11.25"]
[SourceQuality "1"]
[WhiteTeam "Mako"]
[BlackTeam "MLTC"]
[WhiteTeamCountry "HUN"]
[BlackTeamCountry "HUN"]

1. d4 e6 2. e4 d5 3. Nd2 c5 4. exd5 Qxd5 5. Ngf3 cxd4 6. Bc4 Qd6 7. 0-0 Nf6 8. Nb3 Nc6 9. Nbxd4 Nxd4 10. Qxd4 Qxd4 11. Nxd4 Bd7 12. Be2 Bc5 13. Nb3 Bb6 14. Bf3 Rc8 15. Bxb7 Rxc2 16. Be3 Bxe3 17. fxe3 Rxb2 18. Nc5 Ke7 19. Rfb1 Rxb1+ 20. Rxb1 Rb8 21. Na6 Rd8 22. h3 Ne8 23. Nb4 Nd6 24. Ba6 f5 25. Rc1 Rb8 26. a3 Ne8 27. Rc5 Rb6 28. Kf2 Kd6 29. Ra5 Nf6 30. Be2 Rb7 31. Bf3 Rc7 32. g4 fxg4 33. hxg4 h6 34. g5 hxg5 35. Rxg5 Rc5 36. Rxg7 a5 37. Nd3 Rc3 38. Be2 Rxa3 39. Nf4 a4 40. Rg1 Ne4+ 41. Kf3 Nc3 42. Bc4 Bc6+ 43. Kf2 Bd5 44. Bxd5 exd5 45. Rg8 Nd1+ 46. Ke2 Nxe3 47. Re8 d4 48. Rd8+ Kc6 49. Rxd4 Nf5 50. Rb4 Ra2+ 51. Kd1 a3 52. Kc1 Nd6 53. Nd3 Rh2 54. Ra4 Nb5 55. Nb4+ Kc5 56. Nc2 Rh3 57. Kd2 Rb3 58. Ra8 Rh3 59. Ra4 Rh2+ 60. Kc1 1/2-1/2

[Event "HUN-chT 0809"]
[Site "Hungary"]
[Date "2008.12.21"]
[Round "4"]
[White "Reiss, Tibor"]
[Black "Jakab, Attila"]
[Result "1/2-1/2"]
[WhiteElo "2403"]
[BlackElo "2417"]
[PlyCount "67"]
[EventDate "2008.10.26"]
[EventType "team-tourn"]
[EventRounds "11"]
[EventCountry "HUN"]
[SourceTitle "EXT 2010"]
[Source "ChessBase"]
[SourceDate "2010.11.25"]
[SourceVersion "1"]
[SourceVersionDate "2010.11.25"]
[SourceQuality "1"]
[WhiteTeam "Mako"]
[BlackTeam "Taban Spartacus"]
[WhiteTeamCountry "HUN"]
[BlackTeamCountry "HUN"]

1. d4 d5 2. c4 e6 3. Nc3 Nf6 4. cxd5 exd5 5. Bg5 c6 6. e3 Nbd7 7. Bd3 Bd6 8. Nf3 0-0 9. Qc2 h6 10. Bh4 Re8 11. Bh7+ Kh8 12. Bf5 Nf8 13. g4 g5 14. Bg3 Nxg4 15. Bxc8 Rxc8 16. Qf5 Bxg3 17. hxg3 Qd7 18. Qxg5 Nh7 19. Qf4 Re6 20. Ne5 Nxe5 21. dxe5 Qc7 22. Rh5 Rg8 23. Qd4 Qb6 24. Ne2 Rg5 25. Rxg5 Nxg5 26. 0-0-0 Ne4 27. f3 Ng5 28. f4 Ne4 29. Rh1 Qxd4 30. exd4 Rg6 31. Rh3 Nf2 32. Rh4 Kh7 33. Kc2 Ng4 34. b4 1/2-1/2

[Event "Bundesliga 0809"]
[Site "Germany"]
[Date "2008.10.05"]
[Round "2.4"]
[White "Reiss, Tibor"]
[Black "Ftacnik, Lubomir"]
[Result "1/2-1/2"]
[WhiteElo "2403"]
[BlackElo "2571"]
[PlyCount "94"]
[EventDate "2008.10.03"]
[EventType "team-tourn"]
[EventRounds "15"]
[EventCountry "GER"]
[SourceTitle "CBM 126 Extra"]
[Source "ChessBase"]
[SourceDate "2008.11.05"]
[SourceVersion "1"]
[SourceVersionDate "2008.11.05"]
[SourceQuality "1"]
[WhiteTeam "Bayern Muenchen "]
[BlackTeam "Hamburger SK"]
[WhiteTeamCountry "GER"]
[BlackTeamCountry "GER"]

1. d4 Nf6 2. Bg5 e6 3. e4 h6 4. Bxf6 Qxf6 5. Nc3 Bb4 6. Qd3 d6 7. Nf3 Nd7 8. a3 Ba5 9. b4 Bb6 10. Na4 e5 11. c3 0-0 12. Be2 Re8 13. 0-0 Nf8 14. Nxb6 axb6 15. d5 Ng6 16. Rfc1 Nf4 17. Qe3 c6 18. c4 c5 19. Ne1 Qg5 20. Rcb1 Nh3+ 21. Kf1 Qxe3 22. fxe3 Ng5 23. Bd3 Kf8 24. Nf3 Nh7 25. Ng1 Ra7 26. Ne2 Bd7 27. b5 Rea8 28. Rb3 g6 29. Ng3 h5 30. h4 g5 31. hxg5 h4 32. Nh1 Nxg5 33. Nf2 Ke7 34. Ke2 h3 35. gxh3 Nxh3 36. Nxh3 Bxh3 37. Rh1 Bg4+ 38. Kd2 Rxa3 39. Rxa3 Rxa3 40. Rh8 Ra2+ 41. Ke1 Bf3 42. Rb8 Ra7 43. Rh8 Ra3 44. Kd2 Ra2+ 45. Ke1 Ra3 46. Kd2 Ra2+ 47. Ke1 Ra3 1/2-1/2

[Event "HUN-chT 0708"]
[Site "Hungary"]
[Date "2007.12.09"]
[Round "4"]
[White "Boguszlavszkij, Jevgenyij"]
[Black "Reiss, Tibor"]
[Result "1/2-1/2"]
[WhiteElo "2304"]
[BlackElo "2386"]
[PlyCount "20"]
[EventDate "2007.10.14"]
[EventType "team-tourn"]
[EventRounds "11"]
[EventCountry "HUN"]
[SourceTitle "EXT 2009"]
[Source "ChessBase"]
[SourceDate "2008.11.26"]
[SourceVersion "1"]
[SourceVersionDate "2008.11.26"]
[SourceQuality "1"]
[WhiteTeam "Vasas"]
[BlackTeam "Mako"]
[WhiteTeamCountry "HUN"]
[BlackTeamCountry "HUN"]

1. d4 d5 2. Nc3 Nf6 3. Bg5 Nbd7 4. e3 h6 5. Bf4 c6 6. Bd3 e6 7. h3 Be7 8. Nf3 b6 9. Ne5 Bb7 10. 0-0 0-0 1/2-1/2

[Event "HUN-chT 0708"]
[Site "Hungary"]
[Date "2007.11.11"]
[Round "2"]
[White "Reiss, Tibor"]
[Black "Kiss, Attila"]
[Result "1-0"]
[WhiteElo "2386"]
[BlackElo "2383"]
[PlyCount "49"]
[EventDate "2007.10.14"]
[EventType "team-tourn"]
[EventRounds "11"]
[EventCountry "HUN"]
[SourceTitle "EXT 2009"]
[Source "ChessBase"]
[SourceDate "2008.11.26"]
[SourceVersion "1"]
[SourceVersionDate "2008.11.26"]
[SourceQuality "1"]
[WhiteTeam "Mako"]
[BlackTeam "Haladas"]
[WhiteTeamCountry "HUN"]
[BlackTeamCountry "HUN"]

1. d4 Nf6 2. Bg5 e6 3. e4 h6 4. Bxf6 Qxf6 5. Nc3 d6 6. Qd2 Nc6 7. Rd1 Bd7 8. Bc4 0-0-0 9. Nge2 g5 10. 0-0 Bg7 11. Nb5 a6 12. Nbc3 h5 13. a3 Kb8 14. Qd3 Bc8 15. b4 Ne7 16. b5 d5 17. bxa6 b6 18. Bb5 dxe4 19. Nxe4 Qg6 20. a4 Nf5 21. a5 Nxd4 22. axb6 Nxe2+ 23. Qxe2 cxb6 24. Nd6 Bd7 25. Qf3 1-0

[Event "HUN-chT 0607"]
[Site "Hungary"]
[Date "2007.05.06"]
[Round "10"]
[White "Reiss, Tibor"]
[Black "Hoang, Thanh Trang"]
[Result "1-0"]
[WhiteElo "2379"]
[BlackElo "2470"]
[PlyCount "99"]
[EventDate "2006.11.12"]
[EventType "team-tourn"]
[EventRounds "11"]
[EventCountry "HUN"]
[SourceTitle "EXT 2008"]
[Source "ChessBase"]
[SourceDate "2007.11.25"]
[SourceVersion "1"]
[SourceVersionDate "2007.11.25"]
[SourceQuality "1"]
[WhiteTeam "Honved"]
[BlackTeam "Vasas"]
[WhiteTeamCountry "HUN"]
[BlackTeamCountry "HUN"]

1. d4 b6 2. c4 Bb7 3. Nc3 e6 4. a3 f5 5. d5 Be7 6. g3 Bf6 7. Bd2 Ne7 8. Bg2 Nc8 9. Rc1 Nd6 10. b3 Na6 11. Nf3 Nc5 12. Be3 Nce4 13. Nd4 Nxc3 14. Rxc3 e5 15. Nb5 Nf7 16. Rc2 0-0 17. 0-0 c6 18. dxc6 dxc6 19. Qxd8 Rfxd8 20. c5 Rd7 21. Nc3 Bd8 22. b4 g6 23. Rd1 Rxd1+ 24. Nxd1 Rc8 25. Nc3 e4 26. g4 Bg5 27. gxf5 gxf5 28. Bh3 Bxe3 29. fxe3 bxc5 30. Bxf5 Rf8 31. bxc5 Ng5 32. Bxe4 Re8 33. Bd3 Rxe3 34. Rb2 Re7 35. Rb4 Kf8 36. Ne4 Ne6 37. Bc4 Nd8 38. Nd6 Rc7 39. Rb3 Rg7+ 40. Kf2 Rg4 41. e4 Rg5 42. Nxb7 Nxb7 43. Rxb7 Rxc5 44. Be6 Rc2+ 45. Kg3 Rc3+ 46. Kf4 Rxa3 47. Ke5 Rf3 48. Bf5 Ke8 49. Kf6 Kd8 50. Rd7+ 1-0

[Event "HUN-chT 0607"]
[Site "Hungary"]
[Date "2007.04.29"]
[Round "9"]
[White "Reiss, Tibor"]
[Black "Papp, Gabor"]
[Result "1/2-1/2"]
[WhiteElo "2379"]
[BlackElo "2466"]
[PlyCount "162"]
[EventDate "2006.11.12"]
[EventType "team-tourn"]
[EventRounds "11"]
[EventCountry "HUN"]
[SourceTitle "EXT 2008"]
[Source "ChessBase"]
[SourceDate "2007.11.25"]
[SourceVersion "1"]
[SourceVersionDate "2007.11.25"]
[SourceQuality "1"]
[WhiteTeam "Vasas"]
[BlackTeam "Paks"]
[WhiteTeamCountry "HUN"]
[BlackTeamCountry "HUN"]

1. d4 d6 2. e4 Nf6 3. Nc3 Nbd7 4. Nf3 e5 5. Bc4 Be7 6. 0-0 0-0 7. Re1 c6 8. a4 a5 9. Bg5 h6 10. Bh4 Re8 11. Ba2 Qb6 12. Qd2 Qb4 13. h3 Nh5 14. Bxe7 Rxe7 15. d5 Nb6 16. Red1 Rd7 17. Qe3 Nf6 18. Bb3 Nc4 19. Bxc4 Qxc4 20. b3 Qa6 21. Rd3 Qa7 22. Qe1 Qc5 23. Rad1 Rd8 24. dxc6 bxc6 25. Qe3 Qxe3 26. fxe3 Ne8 27. Nxe5 Ba6 28. R3d2 Rac8 29. Nf3 f6 30. e5 fxe5 31. Nxe5 d5 32. e4 Nf6 33. Ng4 Nxg4 34. hxg4 Re8 35. exd5 Re3 36. Nb1 cxd5 37. Na3 Rg3 38. Rxd5 Rxg4 39. Rd8+ Rxd8 40. Rxd8+ Kh7 41. Rd6 Bb7 42. Rd2 Ba6 43. Nb1 h5 44. Nc3 Bb7 45. Nd5 Rg5 46. Ne3 Re5 47. Kf2 Be4 48. Rd4 g5 49. c3 h4 50. Rd6 Rc5 51. c4 Re5 52. Rb6 Re7 53. Rb5 Kg6 54. Rxa5 Bxg2 55. Nxg2 h3 56. Nh4+ gxh4 57. Kg1 Re1+ 58. Kh2 Re2+ 59. Kh1 Re1+ 60. Kh2 Re2+ 61. Kxh3 Re3+ 62. Kxh4 Rxb3 63. Kg4 Rb4 64. Kf4 Rxc4+ 65. Ke5 Kf7 66. Kd5 Rc1 67. Rc5 Ra1 68. a5 Ke7 69. Kc6 Kd8 70. Kb7 Rb1+ 71. Ka7 Kd7 72. a6 Rb2 73. Ka8 Ra2 74. a7 Rb2 75. Rc1 Rb3 76. Rh1 Kc7 77. Rh7+ Kc8 78. Rh8+ Kc7 79. Rb8 Rd3 80. Rb7+ Kc8 81. Rb2 Rc3 1/2-1/2

[Event "HUN-chT 0607"]
[Site "Hungary"]
[Date "2007.03.04"]
[Round "6"]
[White "Kovacs, Gabor H"]
[Black "Reiss, Tibor"]
[Result "1-0"]
[WhiteElo "2447"]
[BlackElo "2379"]
[PlyCount "85"]
[EventDate "2006.11.12"]
[EventType "team-tourn"]
[EventRounds "11"]
[EventCountry "HUN"]
[SourceTitle "EXT 2008"]
[Source "ChessBase"]
[SourceDate "2007.11.25"]
[SourceVersion "1"]
[SourceVersionDate "2007.11.25"]
[SourceQuality "1"]
[WhiteTeam "Haladas"]
[BlackTeam "Vasas"]
[WhiteTeamCountry "HUN"]
[BlackTeamCountry "HUN"]

1. d4 d5 2. c4 c6 3. Nf3 Nf6 4. Nc3 e6 5. e3 Nbd7 6. Bd3 dxc4 7. Bxc4 b5 8. Bd3 a6 9. e4 c5 10. e5 cxd4 11. Nxb5 Nxe5 12. Nxe5 axb5 13. Bxb5+ Bd7 14. Nxd7 Qa5+ 15. Bd2 Qxb5 16. Nxf8 Rxf8 17. a4 Qxb2 18. 0-0 Nd5 19. a5 Qb7 20. Qa4+ Qd7 21. Qxd4 f6 22. Qh4 h6 23. Ra3 Rf7 24. Qe4 Qd6 25. Rd3 f5 26. Qd4 Ra6 27. Rb1 Rd7 28. Qh4 Qc7 29. Qh5+ Rf7 30. Rdb3 Ra7 31. Rb8+ Ke7 32. Qh4+ Rf6 33. Qa4 Rf7 34. Re8+ Kf6 35. Qh4+ Kg6 36. Rxe6+ Rf6 37. Rxf6+ Nxf6 38. Qg3+ Qxg3 39. hxg3 Kf7 40. Rb5 Ke6 41. Be3 Ra8 42. Bd4 Ne8 43. Re5+ 1-0

[Event "Budapest FS09 IM-A"]
[Site "Budapest"]
[Date "2006.09.05"]
[Round "4"]
[White "Reiss, Tibor"]
[Black "Strowsky, Yannick"]
[Result "1/2-1/2"]
[WhiteElo "2370"]
[BlackElo "2141"]
[PlyCount "113"]
[EventDate "2006.09.02"]
[EventType "tourn"]
[EventRounds "11"]
[EventCountry "HUN"]
[EventCategory "2"]
[SourceTitle "CBM 114 Extra"]
[Source "ChessBase"]
[SourceDate "2006.11.03"]
[SourceVersion "1"]
[SourceVersionDate "2006.11.03"]
[SourceQuality "1"]

1. d4 Nf6 2. c4 g6 3. Nc3 Bg7 4. e4 d6 5. Be2 0-0 6. Be3 Na6 7. f4 c5 8. e5 Nd7 9. exd6 exd6 10. Nf3 Re8 11. Kf2 Nf6 12. h3 Qe7 13. Qd2 Nb4 14. Bd3 Nxd3+ 15. Qxd3 Bf5 16. Qd2 Ne4+ 17. Nxe4 Bxe4 18. Rhe1 Bxf3 19. Kxf3 Qe4+ 20. Kg3 Bxd4 21. Bg1 Qc6 22. Bxd4 cxd4 23. Qxd4 Qc5 24. Qd3 Qb4 25. Qb3 Qxb3+ 26. axb3 Kf8 27. Kf3 Rxe1 28. Rxe1 Re8 29. Rd1 Ke7 30. Re1+ Kf8 31. Rxe8+ Kxe8 32. Ke4 Kd7 33. Kd5 h5 34. g4 hxg4 35. hxg4 a5 36. Ke4 Kc6 37. f5 Kc5 38. fxg6 fxg6 39. Kf4 Kb4 40. Kg5 Kxb3 41. Kxg6 Kxb2 42. Kf7 a4 43. g5 a3 44. g6 a2 45. g7 a1Q 46. g8Q Kb3 47. Ke7 Qe5+ 48. Kd7 Qc5 49. Qd5 b6 50. Qd3+ Kb4 51. Kd8 Qxc4 52. Qxd6+ Qc5 53. Qd2+ Kb5 54. Ke8 Qc6+ 55. Kf8 Qc5+ 56. Ke8 Qc6+ 57. Kf8 1/2-1/2

[Event "Budapest FS06 IM"]
[Site "Budapest"]
[Date "2006.06.13"]
[Round "9"]
[White "Reiss, Tibor"]
[Black "Muranyi, Karl Jasmin"]
[Result "1-0"]
[WhiteElo "2377"]
[BlackElo "2385"]
[PlyCount "57"]
[EventDate "2006.06.05"]
[EventType "tourn"]
[EventRounds "11"]
[EventCountry "HUN"]
[EventCategory "2"]
[SourceTitle "CBM 112 Extra"]
[Source "ChessBase"]
[SourceDate "2006.07.14"]
[SourceVersion "1"]
[SourceVersionDate "2006.07.14"]
[SourceQuality "1"]
[BlackTeam "Illingen"]
[BlackTeamCountry "GER"]

1. c4 c6 2. e4 d5 3. exd5 cxd5 4. d4 Nf6 5. Nc3 e6 6. Nf3 Nc6 7. cxd5 exd5 8. Bb5 a6 9. Bxc6+ bxc6 10. 0-0 Be7 11. Ne5 Bd7 12. Bg5 0-0 13. Re1 Re8 14. Rc1 h6 15. Bh4 Nh7 16. Qh5 g6 17. Bxe7 gxh5 18. Bxd8 Raxd8 19. Na4 f6 20. Nxd7 Rxe1+ 21. Rxe1 Rxd7 22. Nc5 Rc7 23. Nxa6 Rb7 24. b3 Ng5 25. f3 Ra7 26. Nb4 Kf7 27. Re2 Ne6 28. Nxc6 Rc7 29. Rc2 1-0

[Event "Budapest FS06 IM"]
[Site "Budapest"]
[Date "2006.06.12"]
[Round "8"]
[White "Kaufman, Raymond"]
[Black "Reiss, Tibor"]
[Result "1-0"]
[WhiteElo "2230"]
[BlackElo "2377"]
[PlyCount "77"]
[EventDate "2006.06.05"]
[EventType "tourn"]
[EventRounds "11"]
[EventCountry "HUN"]
[EventCategory "2"]
[SourceTitle "CBM 112 Extra"]
[Source "ChessBase"]
[SourceDate "2006.07.14"]
[SourceVersion "1"]
[SourceVersionDate "2006.07.14"]
[SourceQuality "1"]

1. d4 d5 2. Nc3 Nf6 3. Bg5 Nbd7 4. Qd3 c6 5. e4 dxe4 6. Nxe4 h6 7. Nxf6+ Nxf6 8. Bh4 Qa5+ 9. c3 Bf5 10. Qc4 g5 11. Bg3 Ne4 12. Nf3 Nxg3 13. hxg3 Bg7 14. b4 Qb6 15. a4 a5 16. Qc5 Qxc5 17. bxc5 0-0-0 18. Bc4 e5 19. Nxe5 Rhe8 20. 0-0-0 Bxe5 21. dxe5 Rxe5 22. Rxd8+ Kxd8 23. Kd2 Bg6 24. Rxh6 Rxc5 25. Bb3 Rf5 26. f3 Rf6 27. Ke3 Rd6 28. Bxf7 Rd3+ 29. Ke2 Be4 30. fxe4 Rxg3 31. Kd2 g4 32. e5 Rxg2+ 33. Ke3 Rc2 34. Kd3 Rf2 35. Be6 g3 36. Rg6 Rf3+ 37. Kd4 b5 38. axb5 cxb5 39. Bd5 1-0